| 000 | 02539cam a2200349 i 4500 | ||
|---|---|---|---|
| 003 | SA-RiAUC | ||
| 005 | 20241122153532.0 | ||
| 008 | 241121s2014 mr f bd 001 0 ara c | ||
| 020 | _a9789954600047 | ||
| 024 | 0 | _a00000000616995 | |
| 040 |
_aSA-JeALM _bara _cSA-RiAUC _erda |
||
| 050 | 4 | _b.A43 2014 | |
| 082 | 0 | 4 |
_a258.203 _qSA-RiAUC |
| 090 |
_a258.203 _bع ل م |
||
| 100 | 1 |
_aالعلمي، محمد، _d1967- _eمؤلف. |
|
| 245 | 1 | 0 |
_aمعجم رموز المؤلفات المالكية / _cتأليف الدكتور محمد العلمي. |
| 250 | _aالطبعة الأولى. | ||
| 264 | 1 |
_aالرباط : _bمركز البحوث والدراسات في الفقه المالكي، لرابطة المحمدية للعلماء : _c2014. |
|
| 300 |
_a264 صفحة ؛ _c25 × 17 سم. |
||
| 336 |
_aنص _btxt _2rdacontent _3كتاب |
||
| 337 |
_aبدون وسيط _bn _2rdamedia |
||
| 338 |
_aمجلد _bnc _2rdacarrier |
||
| 490 | 0 |
_aدلائل ومعاجم وموسوعات ؛ _v(2) |
|
| 500 | _aمساعد الباحث : محمد الخادير ؛ الإخراج الفني : ابتسام بنيوسف ؛ خطوط الغلاف : بلعيد حميدي. | ||
| 500 | _aكشافات : صفحة 233-256. | ||
| 504 | _aببليوجرافية : صفحة 257-262. | ||
| 520 | _aلقد سعى المؤلف إلى توفير جملة من الأدوات التي تجعل التعامل مع الفقه المالكي ميسورا للباحثين والدارسين، فقسّم كتابه « معجم رموز المؤلفات المالكية »، إلى ثلاثة مباحث وهي: المبحث الأول: جمع الرموز المستعملة في مؤلفات المالكية المتنوعة، ووضعها بإزاء المؤلفات التي تداولتها. المبحث الثاني: ذكر المؤلفات التي استعملت الرموز، مرتبة حسب موضوعها الفقهي إلى ثلاث مجموعات: ـ 1 ـ شروح متون المذهب والتعاليق والحواشي عليها. ـ 2 ـ شروح السنة. ـ 3 ـ كتب القضاء وما عليها من شروح وحواش. المبحث الثالث: التعريف العلمي بمدلولات هذه الرموز جميعا، تعريفا مجردا من الحشو والتطويل. | ||
| 650 | 7 |
_aالفقه المالكي _vمعجم مصطلحات _2aucsh |
|
| 650 | 7 |
_aالفقه الإسلامي _vمعجم مصطلحات _2aucsh |
|
| 942 |
_2ddc _cBOOK _n0 |
||
| 949 |
_aSA-JeALM _d241121 _umohamedma123 _n1 |
||
| 999 |
_c2635 _d2635 |
||